000 00773nam a2200241 a 4500
001 BRCA_329
005 20190320202948.0
008 940203s1993 enkaf 000 0 eng d
020 _a0415033454
040 _aKWiU
_cKWiU
_dMBU
050 4 _aNK5343
_b.M37 1993
100 1 _aMarks, Richard
_d1945-
_91096
245 1 0 _aStained Glass in England During the Middle Ages
_cRichard Marks
260 _aLondres
_bRoutledge
_c1993
300 _axxvi, 301 p., [15] p. de láminas
_bil. (algunas a color)
_c26 cm.
500 _aIncluye índice
500 _aDonación Consejo Británico
504 _aBibliografía : p. 247-286.
650 1 4 _aVitrales medievales
_xHistoria
_zInglaterra
_91097
650 1 4 _aVitrales
_xHistoria
_zInglaterra
_91098
902 _aDCB
942 _2lcc
_cB
999 _c266
_d266